000 00553nam a2200157 a 4500
008 120416s1969 ||||||||||||||||| || u
020 _a0216882095
050 _aPR 2825. A2
100 _aShakespeare, William
245 1 4 _aThe merchant of Venice
_cedited by E.C. Peltet
260 _aLondon
_bBlackie
_c1969
300 _ax, 77 pages
350 _a0.00
700 _aPeltet, E. C
995 _D0.00
_FCBU-MAIN LIBRARY (Kitwe)
_H1
_I1.75
_M1
_UAVAILABLE
_WJul 10, 2006
_ZAnnex Low-Usage Collection
999 _c51000
_d51000